<?xml version="1.0" encoding="UTF-8"?>
<record
    xmlns:xsi="http://www.w3.org/2001/XMLSchema-instance"
    xsi:schemaLocation="http://www.loc.gov/MARC21/slim http://www.loc.gov/standards/marcxml/schema/MARC21slim.xsd"
    xmlns="http://www.loc.gov/MARC21/slim">

  <leader>03442nam a2200421 a 4500</leader>
  <controlfield tag="001">ebr10516480</controlfield>
  <controlfield tag="003">CaPaEBR</controlfield>
  <controlfield tag="006">m        u        </controlfield>
  <controlfield tag="007">cr cn|||||||||</controlfield>
  <controlfield tag="008">110720s2010    vauabd  sb    001 0 eng d</controlfield>
  <datafield tag="010" ind1=" " ind2=" ">
    <subfield code="z">  2011283203</subfield>
  </datafield>
  <datafield tag="020" ind1=" " ind2=" ">
    <subfield code="z">1600867685</subfield>
  </datafield>
  <datafield tag="020" ind1=" " ind2=" ">
    <subfield code="z">9781600867682</subfield>
  </datafield>
  <datafield tag="020" ind1=" " ind2=" ">
    <subfield code="z">9781600867705 (e-book)</subfield>
  </datafield>
  <datafield tag="040" ind1=" " ind2=" ">
    <subfield code="a">CaPaEBR</subfield>
    <subfield code="c">CaPaEBR</subfield>
  </datafield>
  <datafield tag="035" ind1=" " ind2=" ">
    <subfield code="a">(OCoLC)762079274</subfield>
  </datafield>
  <datafield tag="043" ind1=" " ind2=" ">
    <subfield code="a">n-us---</subfield>
  </datafield>
  <datafield tag="050" ind1="1" ind2="4">
    <subfield code="a">TL795.4</subfield>
    <subfield code="b">.E44 2010eb</subfield>
  </datafield>
  <datafield tag="245" ind1="0" ind2="0">
    <subfield code="a">Emergence of pico- and nanosatellites for atmospheric research and technology testing</subfield>
    <subfield code="h">[electronic resource] /</subfield>
    <subfield code="c">edited by Purvesh Thakker, Wayne A. Shiroma.</subfield>
  </datafield>
  <datafield tag="246" ind1="3" ind2="0">
    <subfield code="a">Pico- and nanosatellites for atmospheric research and technology testing</subfield>
  </datafield>
  <datafield tag="260" ind1=" " ind2=" ">
    <subfield code="a">Reston, Va. :</subfield>
    <subfield code="b">American Institute of Aeronautics and Astronautics,</subfield>
    <subfield code="c">c2010.</subfield>
  </datafield>
  <datafield tag="300" ind1=" " ind2=" ">
    <subfield code="a">xvi, 391 p. :</subfield>
    <subfield code="b">ill., maps.</subfield>
  </datafield>
  <datafield tag="490" ind1="1" ind2=" ">
    <subfield code="a">Progress in astronautics and aeronautics ;</subfield>
    <subfield code="v">v. 234</subfield>
  </datafield>
  <datafield tag="504" ind1=" " ind2=" ">
    <subfield code="a">Includes bibliographical references and index.</subfield>
  </datafield>
  <datafield tag="505" ind1="0" ind2=" ">
    <subfield code="a">Introduction / Purvesh Thakker and Gary Swenson -- Management and implementation of a cubesat interdisciplinary senior design course / Purvesh Thakker and Gary Swenson -- Small satellites 101: University of Hawaii small-satellite program / Justin M. Akagi, Tyler N. Tamashiro, Wade G. Tonaki, and Wayne A. Shiroma -- Survey of atmospheric and other research projects employing small university satellites / Purvesh Thakker and Gary Swenson -- ION-1 and 2-cubesat optical remote sensing instruments / Purvesh Thakker, Gary Swenson, and Lara Waldrop -- Cubesats for GPS scintillation science / Bryan Doyle ... [et al.] -- PowerSphere Development: an example in using Gossamer technology on picosatellites / E.J. Simburger, J.L.Lin and S.E. Scarborough -- Multi-application survivable tether (MAST) experiment / Nestor Voronka, Robert Hoyt, and Tyrel Newton -- Attitude determination, control, and related operation of the Illinois observing nanosatellite / Andrew Pukniel -- Microthruster propulsion / Lance K. Yoneshige, Lynnette E.S. Ramirez, and Carlos F.M. Coimbra -- Novel propulsion system for nanosatellites / Filip Rysanek -- Power systems for cubesat-class satellites / Purvesh Thakker and Jonathan W. Kimball -- Picosatellite power system design / E.J. Simburger -- Evolution of the ION cubesat software architecture / Leon Arber -- Cubesat radio communication systems / Alex Rein -- Ground station design: mobile approach / Dylan J. Ichikawa ... [et al.] -- Retrodirective antenna systems for cubesats / Monte K. Watanabe, Justin M. Akagi, and Wayne A. Shiroma -- Appendix. Case study: overview of ION as applied to atmospheric research and technology testing problems / Purvesh Thakker ... [et al.].</subfield>
  </datafield>
  <datafield tag="533" ind1=" " ind2=" ">
    <subfield code="a">Electronic reproduction.</subfield>
    <subfield code="b">Palo Alto, Calif. :</subfield>
    <subfield code="c">ebrary,</subfield>
    <subfield code="d">2013.</subfield>
    <subfield code="n">Available via World Wide Web.</subfield>
    <subfield code="n">Access may be limited to ebrary affiliated libraries.</subfield>
  </datafield>
  <datafield tag="650" ind1=" " ind2="0">
    <subfield code="a">Microspacecraft.</subfield>
  </datafield>
  <datafield tag="650" ind1=" " ind2="0">
    <subfield code="a">Nanosatellites.</subfield>
  </datafield>
  <datafield tag="650" ind1=" " ind2="0">
    <subfield code="a">Atmosphere</subfield>
    <subfield code="x">Research.</subfield>
  </datafield>
  <datafield tag="650" ind1=" " ind2="0">
    <subfield code="a">Nanosatellites</subfield>
    <subfield code="x">Research</subfield>
    <subfield code="z">United States.</subfield>
  </datafield>
  <datafield tag="650" ind1=" " ind2="0">
    <subfield code="a">Microspacecraft</subfield>
    <subfield code="x">Research</subfield>
    <subfield code="z">United States.</subfield>
  </datafield>
  <datafield tag="655" ind1=" " ind2="7">
    <subfield code="a">Electronic books.</subfield>
    <subfield code="2">local</subfield>
  </datafield>
  <datafield tag="700" ind1="1" ind2=" ">
    <subfield code="a">Thakker, Purvesh.</subfield>
  </datafield>
  <datafield tag="700" ind1="1" ind2=" ">
    <subfield code="a">Shiroma, Wayne A.</subfield>
  </datafield>
  <datafield tag="710" ind1="2" ind2=" ">
    <subfield code="a">ebrary, Inc.</subfield>
  </datafield>
  <datafield tag="830" ind1=" " ind2="0">
    <subfield code="a">Progress in astronautics and aeronautics ;</subfield>
    <subfield code="v">v. 234.</subfield>
  </datafield>
  <datafield tag="856" ind1="4" ind2="0">
    <subfield code="u">http://site.ebrary.com/lib/rucke/Doc?id=10516480</subfield>
    <subfield code="z">An electronic book accessible through the World Wide Web; click to view</subfield>
  </datafield>
  <datafield tag="999" ind1=" " ind2=" ">
    <subfield code="c">121105</subfield>
    <subfield code="d">121105</subfield>
  </datafield>
</record>
